| 000 | 00493nam a2200193Ia 4500 | ||
|---|---|---|---|
| 003 | GCL | ||
| 008 | 140319s9999 xx 000 0 eng d | ||
| 040 |
_aGCL / _cGCL |
||
| 082 | 0 | 4 |
_a658.4034 _bG I |
| 100 | 1 | _aHIRA, D. S. | |
| 245 | 1 | 0 |
_aINTRODUCTION TO OPERATIONS RESEARCH / _cHIRA, D. S. |
| 700 | 1 | _aGUPTA, PREM | |
| 260 |
_a[S.N] : _bSCHAND & COMPONY ، _c1995 |
||
| 300 | _a453 | ||
| 650 | 0 | 4 | _aPROGRAMMING |
| 650 | 0 | 4 | _aMANAGEMENT |
| 650 | 0 | 4 | _aOPERATION RESEARCH |
| 942 |
_2ddc _cBK |
||
| 999 |
_c11024 _d11024 |
||